000 00971nam a2200253 a 4500
001 BRCA_1169
005 20190320203319.0
008 000110s1999 mx-a---##b---#000-0#spa-d
020 _a9685050007
041 _aspaeng
050 4 _aRA984.M4
_b.A58 1999
245 1 0 _aAntiguo Hospital de San Pedro
_balbergue de la memoria = The old Hospital of St Peter : haven of memory.
260 _a[Puebla, Pue., México]
_bGobierno del Estado de Puebla
_c[1999].
300 _a71 p.
_bil. (algunas a color)
_c31 cm.
500 _aIncluye índice de ilustraciones y glosario
500 _a2do. ejemplar en el Área de Investigación
504 _aIncluye referencias bibliográficas
546 _aTexto en: español e inglés
610 2 4 _aHospital de San Pedro
_zPuebla (México)
_93867
650 1 4 _aEdificios públicos
_zMéxico
_93868
650 1 4 _aArquitectura colonial
_zMéxico
_91940
651 4 _aPuebla (México)
_xEdificios, estructuras, etc.
_93182
942 _2lcc
_cB
999 _c1046
_d1046